Statistics for Mystery Category #14

Click here to take the quiz!

General Stats

  • This quiz has been taken 55 times
  • The average score is 6 of 13

Answer Stats

Lose a Letter, UnscrambleNew Word% Correct
EPICPIE
100%
CREAKCAKE
88%
RATTYTART
83%
Mystery CategoryDesserts
71%
ROTTENTORTE
48%
GULFEDFUDGE
42%
CUBISTICBISCUIT
37%
BOWERINGBROWNIE
31%
TRADUCESCUSTARD
27%
VOLTAGEGELATO
23%
BREATHESSHERBET
19%
RESULTEDSTRUDEL
17%
STEALINGGELATIN
17%

Score Distribution

Percentile by Number Answered

Percent of People with Each Score

Your Score History

You have not taken this quiz